| 000 -LEADER |
| fixed length control field |
01702nam a22001577a 4500 |
| 008 - FIXED-LENGTH DATA ELEMENTS--GENERAL INFORMATION |
| fixed length control field |
210924b ||||| |||| 00| 0 eng d |
| 100 ## - MAIN ENTRY--PERSONAL NAME |
| Personal name |
Walby, Sylvia |
| 245 ## - TITLE STATEMENT |
| Title |
Developing the concept of society: Institutional domains, regimes of inequalities and complex systems in a global era |
| 260 ## - PUBLICATION, DISTRIBUTION, ETC. (IMPRINT) |
| Place of publication, distribution, etc |
Current Sociology |
| 300 ## - PHYSICAL DESCRIPTION |
| Extent |
69(3), May, 2021: p.315-332 |
| 520 ## - SUMMARY, ETC. |
| Summary, etc |
This article develops the concept of society to meet the challenge of cross-border and global processes. Global processes have made visible the inadequacy of interpreting the concept of society as if it were a nation-state, since there is a lack of congruence of institutional domains (economy, polity, civil society, violence) and regimes of inequality (class, gender, ethnicity). The article engages with two strands of intellectual heritage in sociological analysis of society as a macro concept: the differentiation of institutions and the relations of inequality. The concepts of society and societalisation are developed by hybridising these two approaches rather than selecting only one or the other. To achieve this, the concept of system is developed by drawing on complexity science. This enables the simultaneous analysis of differentiated institutional domains (economy, polity, violence, civil society) and multiple regimes of inequality without reductionism. In turn, this facilitates the fluent theorisation of variations in the temporal and spatial reach of social systems. – Reproduced |
| 650 ## - SUBJECT ADDED ENTRY--TOPICAL TERM |
| Topical term or geographic name as entry element |
Complex systems, Global, Institutions, Macro, Regimes, Social system, Social theory, Societalisation, Society |
| 9 (RLIN) |
27675 |
| 773 ## - HOST ITEM ENTRY |
| Main entry heading |
Current Sociology |
| 906 ## - LOCAL DATA ELEMENT F, LDF (RLIN) |
| Subject DIP |
SOCIAL SYSTEMS |
| 942 ## - ADDED ENTRY ELEMENTS (KOHA) |
| Item type |
Articles |